Wszystkie flagi ameryki południowej - Statystyki

Ogólne statystyki
  • Ten quiz został rozwiązany 27 razy
  • Średni wynik to 10 z 11
Statystyki odpowiedzi
Obrazkowy Odpowiedź % Poprawnych
Brazylia
100%
Argentyna
95%
Chile
95%
Kolumbia
95%
Wenezuela
95%
Boliwia
90%
Ekwador
90%
Peru
90%
Urugwaj
90%
Gujana
85%
Surinam
75%
Nie znaleziono quizów pasujących do podanych kryteriów
Rozkład punktacji
Procent ludzi z każdym wynikiem
Percentyl według liczby udzielonych odpowiedzi
Twoja historia wyników
Nie rozwiązałeś tego quizu